01203nam a2200217 a 4500003000900000005001700009007000300026008004100029040002500070082001400095100004100109245015600150260004100306300003700347500007100384504003300455505041200488650001700900650002700917650004100944DO-SdBNP20250721130658.0ta221110e2022 dr ad||gr|||| 001 edspa d aDO-SdBNPbspacBNPHU 4222bM766g1 aMontás, Juan Temístocles d1950- aLos grandes vientos :bo cómo las megatendencias de estos tiempos determinan hacia dónde vamos ..., si es que vamos /cJuan Temístocles Montás. aSanto Domingo :bAlfa & Omega,c2022 a263 p. :bil., gráf. ;c23 cm. aIncluye datos biográficos del autor en la solapa de la cubierta. aBibliografía: p. 255 - 263 t1. Introducción.t2. Demografía.--t3. Lo urbano como megatendencia.--t4. Clase media como megatendencia: caracterización y desafíos de política en República Dominicana.--t5. El Centro de gravedad del mundo se mueve hacia el este.-t6. La gran transformación tecnológica.--t7. El cambio climático como megatendencia.--t8. La problemática de los recursos naturales.--tBibliografía. 7aDemografía 4aAsentamientos urbanos. 7aCiudades y puebloszAmérica Latina